[Event "58th ch-RUS Semi-Final"]
[Site "Kazan RUS"]
[Date "2005.09.11"]
[Round "9"]
[White "Tseshkovsky,V"]
[Black "Khismatullin,D"]
[Result "1/2-1/2"]
[WhiteElo "2599"]
[BlackElo "2583"]
[EventDate "2005.09.03"]

1. e4 c5 2. Nf3 d6 3. d4 cxd4 4. Nxd4 Nf6 5. Nc3 a6 6. Be2 e5 7. Nb3 Be7 8.
O-O O-O 9. Kh1 b6 10. a4 Bb7 11. f3 Nc6 12. Bg5 Nb4 13. Nb1 a5 14. c3 Na6
15. Bxf6 Bxf6 16. Na3 d5 17. exd5 Bxd5 18. Bc4 Bc6 19. Nb5 Qe7 20. Qe2 Rad8
21. f4 Nc5 22. Nxc5 Qxc5 23. fxe5 Qxe5 24. Qxe5 Bxe5 25. Rad1 Bf6 26. Kg1
h5 27. b3 Rfe8 28. Nc7 Rxd1 29. Rxd1 Rd8 30. Nd5 Kf8 31. Rd3 Be5 32. h4 Rd6
33. Kf2 Rg6 34. g3 Bd6 35. Nf4 Rf6 36. Ke3 Bc5+ 37. Ke2 g6 38. Bd5 Bd7 39.
Be4 Ke8 40. Nd5 Rf2+ 41. Ke1 Bg4 42. b4 axb4 43. cxb4 Re2+ 44. Kf1 Bxb4 45.
Bxg6 Re1+ 46. Kf2 Re2+ 47. Kf1 fxg6 48. Nxb4 Re4 49. Rb3 Be6 50. Rb2 Kd7
51. Kf2 Kc7 52. Na6+ Kc6 53. Nb4+ Kb7 54. Nd3 Ka6 55. Nb4+ Kb7 56. Nd3 Kc7
57. Nb4 Rc4 58. Na6+ Kc6 59. Nb8+ Kc7 60. Na6+ Kc6 61. Nb8+ Kd5 62. Rxb6
Rxa4 63. Na6 Bf5 64. Nc7+ Kc5 65. Rf6 Kd4 66. Rd6+ Ke5 67. Rd5+ Kf6 68. Rd2
Ra3 1/2-1/2

[Event "58th ch-RUS Semi-Final"]
[Site "Kazan RUS"]
[Date "2005.09.11"]
[Round "9"]
[White "Grigoriants,S RUS"]
[Black "Dvoirys,S"]
[Result "1/2-1/2"]
[WhiteElo "2562"]
[BlackElo "2589"]
[EventDate "2005.09.03"]

1. Nf3 c5 2. c4 Nf6 3. Nc3 e6 4. g3 b6 5. Bg2 Bb7 6. O-O Be7 7. d4 cxd4 8.
Qxd4 Nc6 9. Qd3 Rc8 10. e4 d6 11. Qe2 a6 12. b3 O-O 13. Bb2 Qc7 14. Rfd1
Nd7 15. Rd2 Nc5 1/2-1/2

[Event "58th ch-RUS Semi-Final"]
[Site "Kazan RUS"]
[Date "2005.09.11"]
[Round "9"]
[White "Sakaev,K"]
[Black "Yakovich,Yur"]
[Result "1-0"]
[WhiteElo "2669"]
[BlackElo "2560"]
[EventDate "2005.09.03"]

1. d4 Nf6 2. c4 e6 3. Nf3 d5 4. Nc3 dxc4 5. e4 Bb4 6. Bg5 b5 7. a4 c6 8. e5
h6 9. exf6 hxg5 10. fxg7 Rg8 11. g3 Bb7 12. Bg2 c5 13. O-O g4 14. Nh4 Bxg2
15. Nxg2 cxd4 16. Nxb5 Nc6 17. Qxg4 a6 18. Qe4 Rc8 19. Qh7 Ne7 20. Nf4 axb5
21. Nh5 f5 22. Qh6 Qd6 23. axb5 Qe5 24. Ra6 Bd6 25. Nf6+ Kf7 26. Nd7 Qd5
27. Qf6+ Ke8 28. Rxd6 Qxd6 29. Ne5 d3 30. b6 1-0

[Event "58th ch-RUS Semi-Final"]
[Site "Kazan RUS"]
[Date "2005.09.11"]
[Round "9"]
[White "Vorobiov,E"]
[Black "Tkachiev,V"]
[Result "0-1"]
[WhiteElo "2552"]
[BlackElo "2625"]
[EventDate "2005.09.03"]

1. e4 e5 2. Nf3 Nc6 3. d4 exd4 4. Nxd4 Bc5 5. Nxc6 Qf6 6. Qd2 dxc6 7. Nc3
Bd4 8. Bd3 Ne7 9. O-O Ng6 10. Ne2 Bb6 11. Nf4 Ne5 12. Be2 O-O 13. Nd3 Ng6
14. Re1 h6 15. Bf1 Be6 16. a4 a5 17. e5 Qf5 18. Qc3 Ne7 19. Qd2 Rad8 20.
Qf4 Qg6 21. b3 Rd4 22. Qd2 Nf5 23. Qe2 Bd5 24. c4 Bxg2 25. Bxg2 Nh4 26. Qf1
Nxg2 0-1

[Event "58th ch-RUS Semi-Final"]
[Site "Kazan RUS"]
[Date "2005.09.11"]
[Round "9"]
[White "Belov,Vl"]
[Black "Kurnosov,I"]
[Result "1/2-1/2"]
[WhiteElo "2596"]
[BlackElo "2549"]
[EventDate "2005.09.03"]

1. d4 Nf6 2. c4 e6 3. Nc3 Bb4 4. Nf3 b6 5. Bg5 Bb7 6. e3 h6 7. Bh4 g5 8.
Bg3 Ne4 9. Qc2 Bxc3+ 10. bxc3 d6 11. Bd3 Nxg3 12. fxg3 Nd7 13. O-O O-O 14.
Be4 1/2-1/2

[Event "58th ch-RUS Semi-Final"]
[Site "Kazan RUS"]
[Date "2005.09.11"]
[Round "9"]
[White "Epishin,V"]
[Black "Kosyrev,V"]
[Result "1/2-1/2"]
[WhiteElo "2600"]
[BlackElo "2540"]
[EventDate "2005.09.03"]

1. d4 e6 2. c4 f5 3. e3 Nf6 4. Nc3 d5 5. f4 c6 6. Nf3 Bd6 7. Be2 O-O 8. O-O
b6 9. Bd2 Bb7 10. Be1 Nbd7 11. Ne5 Ne4 12. b4 Nxc3 13. Bxc3 Nf6 14. Qb3 Ne4
15. Rfc1 Qe7 16. Rab1 g5 17. Be1 Bxe5 18. fxe5 g4 19. a4 a6 20. Rb2 Qd7 21.
Bh4 b5 22. c5 Qg7 23. g3 Qh6 24. Rf1 bxa4 25. Qa3 a5 26. b5 cxb5 27. Bxb5
Ba6 28. Bxa6 Rxa6 29. Rb6 Rxb6 30. cxb6 Nd2 31. Rf4 Nc4 32. Qxa4 Nxb6 33.
Qc6 Nc4 34. e4 Ne3 35. exf5 Rxf5 36. Bf6 Qg6 37. Qxe6+ Qf7 38. Qc8+ Qf8 39.
Rxg4+ Nxg4 40. Qxf5 Nxf6 41. exf6 Qf7 42. Qc8+ Qf8 43. Qc6 Qd8 44. g4 Kf7
45. g5 Kg6 46. h4 Qg8 47. Qd7 h6 48. h5+ Kxh5 49. Qf5 Qg6 50. Qf3+ Kxg5 51.
f7 Kh4+ 52. Kf2 Qc2+ 53. Ke1 Qc1+ 54. Ke2 Qc2+ 55. Kf1 Qb1+ 56. Kg2 Qg6+
57. Kf2 Qc2+ 58. Ke3 Qc3+ 59. Ke2 Qc2+ 60. Kf1 Qb1+ 61. Kg2 Qg6+ 62. Kh1
Qb1+ 63. Kh2 Qc2+ 64. Kg1 Qg6+ 65. Kf2 1/2-1/2

[Event "58th ch-RUS Semi-Final"]
[Site "Kazan RUS"]
[Date "2005.09.11"]
[Round "9"]
[White "Yevseev,D"]
[Black "Riazantsev,A"]
[Result "1/2-1/2"]
[WhiteElo "2537"]
[BlackElo "2599"]
[EventDate "2005.09.03"]

1. Nf3 d5 2. c4 e6 3. d4 Nf6 4. g3 dxc4 5. Bg2 a6 6. O-O Nc6 7. e3 Bd7 8.
Qe2 b5 9. Nc3 Nd5 10. Nxd5 exd5 11. e4 Bd6 12. exd5+ Ne7 13. b3 cxb3 14.
axb3 O-O 15. Ne5 a5 16. Re1 a4 17. bxa4 Rxa4 18. Rxa4 bxa4 19. Qc4 Nc8 20.
Bg5 f6 21. Nc6 Nb6 22. Qa2 Qa8 23. Bf4 Re8 24. Rc1 a3 25. Bxd6 cxd6 26. Rb1
Bf5 27. Ra1 Qa4 28. Bf1 Kf8 29. Qxa3 Qxa3 30. Rxa3 Re1 31. Kg2 Be4+ 32. f3
Bxd5 33. Nb4 Bb7 34. Rb3 Nd5 35. Kf2 Rd1 36. Rd3 Ra1 37. Rc3 Rd1 38. Rd3
Rc1 39. Be2 Rc2 40. Rd2 Rc3 41. Ra2 Kf7 42. Ra7 g5 43. g4 Kg6 1/2-1/2

[Event "58th ch-RUS Semi-Final"]
[Site "Kazan RUS"]
[Date "2005.09.11"]
[Round "9"]
[White "Gavrilov,Al1"]
[Black "Lastin,A"]
[Result "1-0"]
[WhiteElo "2464"]
[BlackElo "2583"]
[EventDate "2005.09.03"]

1. e4 c6 2. d4 d5 3. exd5 cxd5 4. c4 Nf6 5. Nc3 e6 6. c5 Ne4 7. Qc2 Nc6 8.
Nf3 Qa5 9. a3 Bd7 10. Rb1 f5 11. b4 Qc7 12. Bb5 Be7 13. Ne2 O-O 14. Bf4 Qd8
15. Bxc6 bxc6 16. O-O g5 17. Be5 a5 18. Ne1 axb4 19. axb4 Qc8 20. f3 Nf6
21. Nd3 Qb7 22. Nc3 h6 23. Ra1 Kh7 24. Na4 g4 25. Bd6 Bxd6 26. cxd6 Qb8 27.
Nac5 Qxd6 28. Ne5 gxf3 29. gxf3 Rg8+ 30. Kh1 Rxa1 31. Rxa1 Be8 32. b5 cxb5
33. Ra6 Qc7 34. Rxe6 Kh8 35. Qxf5 Nh7 36. Rxh6 Qg7 37. Ng4 Bg6 38. Qf4 Rf8
39. Qe3 Bf5 40. Ne6 Bxe6 41. Rxe6 Qg5 42. Qe5+ Qxe5 43. Nxe5 Rb8 44. Nd7
Rg8 45. Rb6 Ng5 46. Ne5 Ra8 47. Kg2 1-0

[Event "58th ch-RUS Semi-Final"]
[Site "Kazan RUS"]
[Date "2005.09.11"]
[Round "9"]
[White "Chuprov,D"]
[Black "Popov,Val"]
[Result "0-1"]
[WhiteElo "2477"]
[BlackElo "2570"]
[EventDate "2005.09.03"]

1. d4 Nf6 2. Nf3 d5 3. c4 e6 4. Nc3 dxc4 5. e3 a6 6. a4 c5 7. Bxc4 Nc6 8.
O-O Be7 9. Qe2 O-O 10. Rd1 Qc7 11. Bd2 Rd8 12. dxc5 Bxc5 13. Be1 Bd7 14.
Bd3 Be7 15. Rac1 Be8 16. Ne4 Qb6 17. Qc2 Nb4 18. Nxf6+ gxf6 19. Bxb4 Qxb4
20. Bxh7+ Kh8 21. Rd4 Rxd4 22. Nxd4 f5 23. Bxf5 exf5 24. Qe2 Bd7 25. g3 Rc8
26. Rxc8+ Bxc8 27. Qh5+ Kg7 28. Nxf5+ Bxf5 29. Qxf5 Qxa4 30. h4 Bf6 31. Kh2
Qb4 32. e4 Qxb2 33. Qg4+ Kf8 34. Qc8+ Ke7 35. Kh3 Qb5 36. Qc2 Qd7+ 37. Kh2
Qc6 38. Qb1 b5 39. f4 Bc3 40. e5 a5 41. Qg1 a4 42. Qa7+ Ke8 43. Qb8+ Kd7
44. h5 b4 45. Qa7+ Ke8 46. Qb8+ Ke7 47. f5 a3 48. Qa7+ Qd7 49. Qc5+ Ke8 0-1

[Event "58th ch-RUS Semi-Final"]
[Site "Kazan RUS"]
[Date "2005.09.11"]
[Round "9"]
[White "Lugovoi,A"]
[Black "Savchenko,B"]
[Result "0-1"]
[WhiteElo "2556"]
[BlackElo "2534"]
[EventDate "2005.09.03"]

1. d4 Nf6 2. c4 e6 3. Nc3 d5 4. Nf3 Nbd7 5. e3 Be7 6. Bd3 dxc4 7. Bxc4 a6
8. e4 b5 9. Bd3 Bb7 10. e5 Nd5 11. Ne4 c5 12. Bg5 Qa5+ 13. Bd2 Qb6 14. dxc5
Nxc5 15. Nxc5 Bxc5 16. O-O Nb4 17. Be2 Rd8 18. a3 Nc6 19. Rc1 Rd5 20. Qc2
Nxe5 21. b4 Bd6 22. Be3 Qd8 23. Ng5 Nc4 24. Ne4 Nxe3 25. fxe3 Bb8 26. Bf3
O-O 27. Rf2 Rf5 28. Ng3 Bxg3 29. hxg3 Bxf3 30. Rxf3 Rd5 31. Qc6 a5 32. bxa5
Qxa5 33. Qc3 Rd1+ 34. Rf1 Rxf1+ 35. Kxf1 Qa6 36. Qb4 g6 37. Rc5 Rb8 38. Kf2
h5 39. Rc7 Qb6 40. Rc5 Qb7 41. Qb2 Qe7 42. Rxb5 Rxb5 43. Qxb5 Qxa3 44. Qb8+
Qf8 45. Qc7 Qb4 46. Qe5 Qd2+ 47. Kg1 Qd5 48. Qb8+ Kg7 49. Qb2+ Kh7 50. Qf6
Qf5 51. Qd4 e5 52. Qc5 Kg7 53. Qb6 Qd3 54. Kf2 Qc2+ 55. Kf1 Qd2 56. Qc5 Kf6
57. Qc6+ Kf5 58. Qf3+ Ke6 59. Qc6+ Qd6 60. Qc2 Qd5 61. Kf2 Kd6 62. Kf1 Qb5+
63. Kf2 Qb4 64. Qa2 Qb7 65. Qc4 Qd5 66. Qc2 Ke6 67. Kg1 Kf6 68. Kf2 Qd7 69.
Kg1 Qg4 70. Qf2+ Kg5 71. Qe1 Qf5 72. Qd2 Qb1+ 73. Kf2 Kg4 74. Qe2+ Kf5 75.
Qf3+ Kg5 76. Qe2 Qc1 77. Qd3 f6 78. Qe4 Qd2+ 79. Kf1 Qc1+ 80. Kf2 Qd1 81.
Qh4+ Kf5 82. Qc4 Qd2+ 83. Kf3 Qe1 84. g4+ Kg5 85. gxh5 f5 86. g3 Qh1+ 87.
Kf2 e4 88. hxg6 Qf3+ 89. Ke1 Qxe3+ 90. Kd1 Qf3+ 91. Kc2 Qf2+ 92. Kd1 Kxg6
93. Qg8+ Kh5 94. g4+ fxg4 95. Qh7+ Kg5 96. Qxe4 Qf1+ 0-1

[Event "58th ch-RUS Semi-Final"]
[Site "Kazan RUS"]
[Date "2005.09.11"]
[Round "9"]
[White "Bezgodov,A"]
[Black "Balashov,Y"]
[Result "1/2-1/2"]
[WhiteElo "2548"]
[BlackElo "2469"]
[EventDate "2005.09.03"]

1. d4 Nf6 2. Nf3 e6 3. g3 b5 4. Bg2 Bb7 5. O-O Be7 6. b3 O-O 7. Bb2 Na6 8.
Na3 Rb8 9. c4 bxc4 10. Nxc4 Bd5 11. Rc1 c5 12. dxc5 Nxc5 13. Ne3 Bxf3 14.
exf3 Qa5 15. Rc2 d5 16. f4 Nce4 17. f5 Qb6 18. Bd4 Bc5 19. Bxc5 Nxc5 20.
Qd4 Nce4 21. Qe5 Rfe8 22. fxe6 Rxe6 23. Qc7 d4 24. Qxb6 axb6 25. Nd1 Rd8
26. f3 d3 27. Rb2 1/2-1/2

[Event "58th ch-RUS Semi-Final"]
[Site "Kazan RUS"]
[Date "2005.09.11"]
[Round "9"]
[White "Khairullin,I"]
[Black "Galliamova,A"]
[Result "1/2-1/2"]
[WhiteElo "2538"]
[BlackElo "2453"]
[EventDate "2005.09.03"]

1. e4 c5 2. Nf3 d6 3. d4 cxd4 4. Nxd4 Nf6 5. Nc3 Nc6 6. Bg5 Bd7 7. Qd2 Rc8
8. O-O-O Nxd4 9. Qxd4 Qa5 10. Bd2 a6 11. f3 g6 12. Kb1 Qc5 13. Qxc5 Rxc5
14. Be3 Rc6 15. Rd4 Bg7 16. Rb4 Rc7 17. Bb6 Rc8 18. Bd4 Bc6 19. Nd5 e5 20.
Nb6 Rd8 21. Be3 d5 22. exd5 Nxd5 23. Nxd5 1/2-1/2

[Event "58th ch-RUS Semi-Final"]
[Site "Kazan RUS"]
[Date "2005.09.11"]
[Round "9"]
[White "Iljushin,A"]
[Black "Pokazanjev,N"]
[Result "1/2-1/2"]
[WhiteElo "2531"]
[BlackElo "2410"]
[EventDate "2005.09.03"]

1. d4 d5 2. c4 c6 3. Nf3 Nf6 4. Nc3 dxc4 5. e3 b5 6. a4 b4 7. Na2 e6 8.
Bxc4 Nbd7 9. O-O Bb7 10. Bd2 a5 11. Nc1 c5 12. Nb3 Bd6 13. dxc5 Nxc5 14.
Bb5+ Ke7 15. Nxc5 Bxc5 16. Qe2 Qb6 17. Ne5 Rhd8 18. Nc4 Qa7 19. Rfd1 Rd5
20. Be1 Rad8 21. Rxd5 Rxd5 22. f3 Nd7 23. Bf2 Ne5 24. e4 Bxf2+ 25. Qxf2
Qxf2+ 26. Kxf2 Rxb5 27. axb5 Nxc4 28. Rc1 Nd6 29. Rc7+ Kd8 30. b6 a4 31. e5
a3 32. bxa3 b3 33. Rc1 Nb5 34. a4 Na3 35. Rd1+ Bd5 36. Rd2 Nb1 37. Rd4 Kc8
38. Rb4 Nc3 39. b7+ Kb8 40. a5 b2 41. a6 Bxb7 42. Rxb7+ Ka8 43. Ke3 b1=Q
44. Rxb1 Nxb1 45. Kd4 Nd2 46. f4 Nf1 47. Kc5 Nxh2 48. Kd6 g5 49. Ke7 gxf4
50. Kxf7 f3 1/2-1/2

[Event "58th ch-RUS Semi-Final"]
[Site "Kazan RUS"]
[Date "2005.09.11"]
[Round "9"]
[White "Yandemirov,V"]
[Black "Novikov,St"]
[Result "0-1"]
[WhiteElo "2515"]
[BlackElo "2534"]
[EventDate "2005.09.03"]

1. e4 c5 2. Nf3 Nc6 3. Bb5 d6 4. c3 Nf6 5. Qe2 Bd7 6. d4 a6 7. Bxc6 Bxc6 8.
d5 Bd7 9. O-O Bg4 10. Bf4 g6 11. Nbd2 Nh5 12. Be3 Bg7 13. a4 b6 14. h3 Bd7
15. Nc4 b5 16. axb5 Bxb5 17. Nfd2 O-O 18. Nb1 f5 19. exf5 Rxf5 20. Nba3 Bd7
21. Rad1 Nf6 22. Rfe1 Rxd5 23. Rxd5 Nxd5 24. Bg5 Qc7 25. Qe4 e6 26. Bf4 Bf8
27. Bg3 Re8 28. Qd3 Bb5 29. h4 Bc6 30. h5 gxh5 31. Qd1 e5 32. Qxh5 Qf7 33.
Qg5+ Qg6 34. Qxg6+ hxg6 35. Rd1 Rb8 36. Rd2 Rd8 37. Bh4 Rd7 38. Na5 Ba8 39.
N3c4 Kf7 40. b4 cxb4 41. cxb4 Ke6 42. Bg5 Rc7 43. Rb2 Bc6 44. Nxc6 Rxc6 45.
Na3 Nc3 46. b5 axb5 47. Nxb5 Nxb5 48. Rxb5 d5 49. Kf1 Bc5 50. Ke2 Bd6 51.
Bd2 Ra6 52. Rb2 Bc5 53. Rc2 Kd6 54. Bh6 Ra8 55. Bg7 Bb6 56. Bh6 d4 57. f3
Kd5 58. Bc1 Bc5 59. Bg5 Ra1 60. Bc1 Bb6 61. Bb2 Rb1 62. Kd3 Bc5 63. Re2 g5
64. Kc2 Rf1 65. Rd2 Kc4 0-1

[Event "58th ch-RUS Semi-Final"]
[Site "Kazan RUS"]
[Date "2005.09.11"]
[Round "9"]
[White "Loginov,Va"]
[Black "Bragin,Alex"]
[Result "1-0"]
[WhiteElo "2527"]
[BlackElo "2396"]
[EventDate "2005.09.03"]

1. Nf3 Nf6 2. g3 g6 3. c4 Bg7 4. d4 O-O 5. Bg2 d6 6. O-O Nbd7 7. Qc2 e5 8.
Rd1 Re8 9. dxe5 dxe5 10. e4 c6 11. h3 Qc7 12. Be3 Nf8 13. Bc5 N6d7 14. Bd6
Qd8 15. c5 Qf6 16. Na3 Ne6 17. b4 b5 18. cxb6 axb6 19. Nc4 Ng5 20. Nxg5
Qxg5 21. Bc7 Bf8 22. h4 Qh5 23. a3 Ra7 24. Bxb6 Nxb6 25. Nxb6 Bg4 26. Rdc1
Rb8 27. Nc4 c5 28. bxc5 Bxc5 29. Nxe5 Bd4 30. Nc6 Rb2 31. Qd3 Bxf2+ 32. Kh1
Rd7 33. Qc3 Rdd2 34. Ne7+ Kf8 35. Nf5 Bxf5 36. Qh8+ Ke7 37. exf5 Bxg3 38.
f6+ Ke6 39. Rc6+ Bd6 40. Qe8+ Kxf6 41. Rf1+ Kg7 42. Rxf7+ Kh6 43. Qe3+ g5
44. Qe6+ Qg6 45. hxg5+ 1-0

[Event "58th ch-RUS Semi-Final"]
[Site "Kazan RUS"]
[Date "2005.09.11"]
[Round "9"]
[White "Iljin,A"]
[Black "Chebotarev,O"]
[Result "0-1"]
[WhiteElo "2500"]
[BlackElo "2517"]
[EventDate "2005.09.03"]

1. d4 e6 2. c4 Nf6 3. Nf3 c5 4. e3 d5 5. Nc3 cxd4 6. exd4 Bb4 7. cxd5 Nxd5
8. Bd2 O-O 9. Bd3 Nd7 10. O-O N7f6 11. Ne5 Qb6 12. Bg5 Bxc3 13. bxc3 Nxc3
14. Qf3 Ncd5 15. Rfd1 h6 16. Be3 Qd8 17. Qg3 Nxe3 18. fxe3 b6 19. Rf1 Bb7
20. Qh3 Nd5 21. Rf3 f5 22. Rg3 Rf6 23. Rf1 Rc8 24. Bc4 Rxc4 25. Nxc4 Ba6
26. Ne5 Bxf1 27. Kxf1 Qc7 28. Qh5 f4 29. exf4 Qc1+ 30. Kf2 Qd2+ 0-1

[Event "58th ch-RUS Semi-Final"]
[Site "Kazan RUS"]
[Date "2005.09.11"]
[Round "9"]
[White "Kosteniuk,A"]
[Black "Obolenskikh,D"]
[Result "1-0"]
[WhiteElo "2516"]
[BlackElo "2437"]
[EventDate "2005.09.03"]

1. e4 c5 2. Nf3 d6 3. d4 cxd4 4. Nxd4 Nf6 5. Nc3 a6 6. Bg5 e6 7. f4 Qb6 8.
a3 Nbd7 9. Bh4 Be7 10. Bf2 Qc7 11. g4 Nc5 12. Bg2 O-O 13. g5 Nfd7 14. b4
Nb3 15. Ncb5 axb5 16. cxb3 d5 17. Qd2 dxe4 18. Bxe4 e5 19. Nf5 Bd8 20. Rc1
Qb8 21. O-O exf4 22. Rxc8 Qxc8 23. Rc1 Qb8 24. Qxd7 Bxg5 25. h4 Qe5 26. Re1
Rad8 27. Qxb7 Qf6 28. hxg5 Qxg5+ 29. Kf1 Rd2 30. Qxb5 g6 31. Bh4 1-0

[Event "58th ch-RUS Semi-Final"]
[Site "Kazan RUS"]
[Date "2005.09.11"]
[Round "9"]
[White "Filippov,Va"]
[Black "Yemelin,V"]
[Result "1/2-1/2"]
[WhiteElo "2621"]
[BlackElo "2530"]
[EventDate "2005.09.03"]

1. Nf3 c5 2. c4 Nc6 3. d4 cxd4 4. Nxd4 e6 5. Nb5 Nf6 6. N1c3 Bb4 7. Bf4 O-O
8. Bd6 Bxd6 9. Nxd6 Qb6 10. Qd2 Ne8 11. Nde4 d5 12. cxd5 Nb4 13. d6 f5 14.
Na4 Qd4 15. Qxd4 Nc2+ 16. Kd2 Nxd4 17. Nec3 Nxd6 18. Rd1 Nc6 19. Kc1 Rd8
20. e4 b6 21. exf5 exf5 22. Nd5 Bb7 23. Nac3 Kf7 24. g3 Rac8 25. Bg2 Nb4
26. Kb1 Nxd5 27. Bxd5+ Bxd5 28. Rxd5 g6 29. Rhd1 Ke7 30. a4 Nc4 31. h4 Rxd5
32. Nxd5+ Kf7 33. Nf4 Ne5 34. Rd5 Re8 35. a5 Ng4 36. axb6 axb6 37. Nh3 Re2
38. Rd7+ Kg8 39. Rd8+ Kg7 40. Rd7+ Kg8 41. Rd8+ Kg7 42. Rd7+ 1/2-1/2